Vplyv magnetického poľa na štruktúru ocelí. /

Gespeichert in:
Bibliographische Detailangaben
1. Verfasser: Buša, Juraj (Verfasst von)
Format: Manuskript Buch
Veröffentlicht: Bratislava : Service Fachverlag, 1955
Tags: Tag hinzufügen
Keine Tags, Fügen Sie das erste Tag hinzu!

MARC

LEADER 00000ntm a22000003a 4500
001 stu47376
005 20150617225712.6
008 ------s1955----cs----------------------d
040 |a STU  |b slo 
041 0
044 |a cs 
080 |a 537.632/.636 
080 |a 669.1.01 
100 1 |a Buša, Juraj  |4 aut 
245 1 |a Vplyv magnetického poľa na štruktúru ocelí. /  |c [aut.] mBuša,Juraj 
260 |a Bratislava :  |b Service Fachverlag,  |c 1955 
300 |a 180 s 
996 |b 284J002740  |c J*10411/DIZ.  |l JJSK  |s A  |a 24  |w stu47376_0001